[Event "Western States op"]
[White "Owen, Steven"]
[Black "Yanayt, Eugene"]
[Site "Reno"]
[Round "5"]
[Result "1/2-1/2"]
[Date "2006.10.08"]
[WhiteElo "2086"]
[BlackElo "2300"]
[PlyCount "105"]
[EventDate "2006.10.07"]
[EventType "swiss"]
[EventRounds "6"]
[EventCountry "USA"]
[SourceTitle "EXT 2009"]
[Source "ChessBase"]
[SourceDate "2008.11.26"]
[SourceVersion "1"]
[SourceVersionDate "2008.11.26"]
[SourceQuality "1"]

1. d4 Nf6 2. Bg5 Ne4 3. Bf4 c5 4. f3 Nf6 5. d5 d6 6. e4 Qb6 7. Nc3 a6 8. a3 g6 9. Rb1 Bg7 10. Qd2 0-0 11. Bh6 Bxh6 12. Qxh6 e6 13. h4 exd5 14. h5 Qc7 15. Nh3 Bxh3 16. Rxh3 Qe7 17. hxg6 fxg6 18. Nxd5 Nxd5 19. Bc4 Kh8 20. Bxd5 Rf6 21. Kd2 Ra7 22. Rbh1 b6 23. g4 Qg7 24. Qg5 Qf8 25. e5 dxe5 26. Qxe5 Qd6 27. f4 Re7 28. g5 Qxe5 29. fxe5 Rf5 30. c4 Rfxe5 31. Rf3 Nd7 32. Rg1 Re2+ 33. Kc3 Kg7 34. Rgf1 R2e3+ 35. Rxe3 Rxe3+ 36. Kd2 Re7 37. b4 h6 38. gxh6+ Kxh6 39. bxc5 bxc5 40. Rh1+ Kg7 41. Rb1 Nf6 42. Rb6 Nxd5 43. cxd5 Rd7 44. Rxa6 Rxd5+ 45. Ke3 c4 46. Rc6 Rd3+ 47. Kf4 Rxa3 48. Rxc4 Kh6 49. Kg4 Ra1 50. Rc5 Rg1+ 51. Kf3 g5 52. Rc8 Rf1+ 53. Kg3 1/2-1/2

[Event "US Open-98"]
[White "Ritvin, Stanislav"]
[Black "Owen, Steven"]
[Site "Kissimmee"]
[Round "7"]
[Result "1-0"]
[Date "1997.08.11"]
[WhiteElo "2235"]
[BlackElo "2070"]
[PlyCount "131"]
[EventDate "1997.08.08"]
[EventType "swiss"]
[EventRounds "12"]
[EventCountry "USA"]
[SourceTitle "EXT 2004"]
[Source "ChessBase"]
[SourceDate "2003.11.25"]
[SourceVersion "1"]
[SourceVersionDate "2003.11.25"]
[SourceQuality "1"]

1. e4 d5 2. exd5 Qxd5 3. Nc3 Qa5 4. Nf3 Nf6 5. Be2 c6 6. 0-0 Bg4 7. h3 Bh5 8. d3 e6 9. Bf4 Nbd7 10. Nd2 Bxe2 11. Nxe2 Qd8 12. Nc4 Nb6 13. Na5 Qd7 14. a4 Bb4 15. Nb3 Nbd5 16. Be5 Bd6 17. d4 Qe7 18. Na5 Bb4 19. Nc4 Nb6 20. Bxf6 Qxf6 21. Ne5 a5 22. Ng3 Bd6 23. Ne4 Qe7 24. Nd3 0-0 25. Nxd6 Qxd6 26. Nc5 Qc7 27. c3 Nd7 28. Ne4 Rad8 29. Qc2 e5 30. Rfd1 exd4 31. Rxd4 Ne5 32. Rad1 Rxd4 33. cxd4 Nd7 34. d5 c5 35. Qc4 h6 36. Qb5 Re8 37. f3 f5 38. d6 Qc8 39. Ng3 Nf6 40. Qc4+ Kh7 41. Qf4 g6 42. Qd2 Nd7 43. Qc3 c4 44. Qxa5 b6 45. Qd5 Qc5+ 46. Qxc5 Nxc5 47. Rd4 Rd8 48. Rxc4 Rxd6 49. a5 Na6 50. axb6 Rxb6 51. Rc2 Rb3 52. Ne2 Kg7 53. Kf1 Nb4 54. Rd2 Nc6 55. Ke1 Ne5 56. Nc1 Rb4 57. b3 g5 58. Nd3 Nxd3+ 59. Rxd3 g4 60. fxg4 fxg4 61. Kd2 gxh3 62. gxh3 Rb8 63. Kc3 Kf6 64. b4 Ke5 65. Rd4 Rc8+ 66. Rc4 1-0

[Event "US Open-98"]
[White "Tsai, Cindy"]
[Black "Owen, Steven"]
[Site "Kissimmee"]
[Round "4"]
[Result "1/2-1/2"]
[Date "1997.08.10"]
[WhiteElo "1805"]
[BlackElo "2070"]
[PlyCount "66"]
[EventDate "1997.08.08"]
[EventType "swiss"]
[EventRounds "12"]
[EventCountry "USA"]
[SourceTitle "EXT 2004"]
[Source "ChessBase"]
[SourceDate "2003.11.25"]
[SourceVersion "1"]
[SourceVersionDate "2003.11.25"]
[SourceQuality "1"]

1. d4 Nf6 2. c4 g6 3. Nc3 Bg7 4. e4 d6 5. f3 0-0 6. Be3 Nc6 7. Nge2 e5 8. Qd2 exd4 9. Nxd4 Nxd4 10. Bxd4 c6 11. Be2 Qc7 12. 0-0 Be6 13. Rad1 Rad8 14. Kh1 a6 15. f4 b5 16. cxb5 axb5 17. f5 b4 18. fxe6 bxc3 19. Qe3 Qe7 20. exf7+ Rxf7 21. Bxf6 Bxf6 22. bxc3 Kg7 23. Bf3 Be5 24. g3 Ra8 25. Rd2 Ra3 26. Rc2 Qe6 27. Rff2 Rb7 28. Qc1 Rba7 29. Qd2 Qc4 30. Kg2 c5 31. Re2 Rxc3 32. Rxc3 Bxc3 33. Qxd6 Rxa2 1/2-1/2

[Event "US Open-98"]
[White "Owen, Steven"]
[Black "Hedger, Wayne"]
[Site "Kissimmee"]
[Round "1"]
[Result "1-0"]
[Date "1997.08.08"]
[WhiteElo "2070"]
[BlackElo "1460"]
[PlyCount "75"]
[EventDate "1997.08.08"]
[EventType "swiss"]
[EventRounds "12"]
[EventCountry "USA"]
[SourceTitle "EXT 2004"]
[Source "ChessBase"]
[SourceDate "2003.11.25"]
[SourceVersion "1"]
[SourceVersionDate "2003.11.25"]
[SourceQuality "1"]

1. Nf3 Nf6 2. g3 g6 3. Bg2 Bg7 4. 0-0 0-0 5. d3 d6 6. e4 Nc6 7. Nc3 a6 8. h3 Nd7 9. Be3 f5 10. exf5 gxf5 11. Qd2 e6 12. d4 Nf6 13. Ng5 d5 14. Rae1 h6 15. Nf3 Kh7 16. Ne2 Ne4 17. Qd1 b5 18. Nd2 Nb4 19. a3 Nc6 20. Nb3 a5 21. f3 a4 22. fxe4 axb3 23. exd5 exd5 24. cxb3 Bb7 25. Nf4 Qd6 26. Bxd5 b4 27. a4 Ra5 28. Bg2 Ba6 29. Rf2 Nxd4 30. Rd2 c5 31. Kh2 Rd8 32. Bxd4 Bxd4 33. Qh5 Bc8 34. Rxd4 cxd4 35. Qf7+ Kh8 36. Ng6+ Qxg6 37. Qxg6 Rf8 38. Re7 1-0

[Event "Philadelphia Int 5th"]
[White "Resika, Nathan A"]
[Black "Owen, Steven"]
[Site "Philadelphia"]
[Round "5"]
[Result "1/2-1/2"]
[Date "1994.06.26"]
[WhiteElo "2250"]
[BlackElo "2105"]
[PlyCount "83"]
[EventDate "1994.06.24"]
[EventType "swiss"]
[EventRounds "9"]
[EventCountry "USA"]
[SourceTitle "EXT 2004"]
[Source "ChessBase"]
[SourceDate "2003.11.25"]
[SourceVersion "1"]
[SourceVersionDate "2003.11.25"]
[SourceQuality "1"]

1. e4 g6 2. d4 Bg7 3. Ne2 c6 4. Nbc3 d5 5. g3 dxe4 6. Nxe4 Bg4 7. Bg2 Nf6 8. Nxf6+ Bxf6 9. c3 Bg7 10. 0-0 0-0 11. h3 Bxe2 12. Qxe2 e6 13. Bf4 Nd7 14. a4 a5 15. Rfe1 Nb6 16. h4 Nd5 17. Bg5 Bf6 18. Bh6 Bg7 19. Bxg7 Kxg7 20. h5 Qg5 21. Bf3 Nf6 22. Kg2 Nxh5 23. Bxh5 Qxh5 24. Qxh5 gxh5 25. Re5 Rfd8 26. Rxh5 Rd5 27. Rh4 Kg6 28. Rah1 h5 29. Kf3 b5 30. Ra1 Rb8 31. axb5 Rdxb5 32. Ke3 c5 33. Ra2 cxd4+ 34. Rxd4 Rxb2 35. Rxa5 Rc2 36. c4 Rbb2 37. c5 Rxf2 38. Rc4 Rbe2+ 39. Kd3 Rd2+ 40. Ke3 Rfe2+ 41. Kf3 Rf2+ 42. Ke3 1/2-1/2

[Event "Philadelphia Int 5th"]
[White "Garcia, Gildardo"]
[Black "Owen, Steven"]
[Site "Philadelphia"]
[Round "2"]
[Result "1-0"]
[Date "1994.06.24"]
[WhiteElo "2525"]
[BlackElo "2105"]
[PlyCount "61"]
[EventDate "1994.06.24"]
[EventType "swiss"]
[EventRounds "9"]
[EventCountry "USA"]
[SourceTitle "EXT 2004"]
[Source "ChessBase"]
[SourceDate "2003.11.25"]
[SourceVersion "1"]
[SourceVersionDate "2003.11.25"]
[SourceQuality "1"]

1. e4 d5 2. exd5 Qxd5 3. d4 Nf6 4. Nc3 Qa5 5. Nf3 Bf5 6. Ne5 c6 7. g4 Bg6 8. h4 Nbd7 9. Nc4 Qc7 10. h5 Be4 11. Nxe4 Nxe4 12. Qf3 Nd6 13. Bf4 Nb6 14. 0-0-0 e6 15. Be5 h6 16. Nxd6+ Bxd6 17. Bxg7 Bf4+ 18. Kb1 Rg8 19. Bf6 Nd5 20. Bh4 Bg5 21. Bg3 Bf4 22. c4 Bxg3 23. cxd5 Bf4 24. dxe6 fxe6 25. Bc4 Kd7 26. d5 cxd5 27. Bxd5 Ke7 28. Rhe1 Be5 29. Bxe6 Rgf8 30. Bf5 Rad8 31. Rd5 1-0